[Inovácie marketingových činností]

Recenzia na knižnú publikáciu, ktorá podrobne rozoberá možnosti zvyšovania konkurencieschopnosti a využitia inovačného procesu, tvorivého myslenia, manažmentu znalostí a markeringového informačného systému a súčasné postavenie spotrebiteľa v Európskej únii.

Guardado en:
Detalles Bibliográficos
Autor principal: Hriciga, Andrej
Formato: Capítulo de libro
Lenguaje:eslovaco
Materias:
Etiquetas: Agregar Etiqueta
Sin Etiquetas, Sea el primero en etiquetar este registro!

MARC

LEADER 00000naa a2200000 4500
001 0119643
005 20240502072332.1
041 0 |a slo 
044 |a SK 
245 1 0 |a [Inovácie marketingových činností]  |c Andrej Hriciga 
520 |a Recenzia na knižnú publikáciu, ktorá podrobne rozoberá možnosti zvyšovania konkurencieschopnosti a využitia inovačného procesu, tvorivého myslenia, manažmentu znalostí a markeringového informačného systému a súčasné postavenie spotrebiteľa v Európskej únii. 
610 2 0 |a recenzie 
610 2 0 |a marketing 
610 2 0 |a inovácia 
610 2 0 |a stratégia inovačná 
610 2 0 |a Európska únia 
610 2 0 |a konkurencieschopnosť 
610 2 0 |a spotrebitelia 
100 1 |a Hriciga, Andrej